U.S. State Highpoints Click Quiz - Statistics

General Stats
  • This quiz has been taken 83 times
  • The average score is 21 of 50
Answer Stats
Hint Extra Hint Answer % Correct
Denali 20,310 ft Alaska
94%
Mauna Kea 13,803 ft Hawaii
88%
Mount Rainier 14,417 ft Washington
85%
Mount Whitney 14,505 ft California
75%
Mount Elbert 14,440 ft Colorado
67%
Hoosier Hill 1,257 ft Indiana
67%
Mount Hood 11,249 ft Oregon
67%
Mount Washington 6,285 ft New Hampshire
63%
Hawkeye Point 1,671 ft Iowa
52%
Mount Sunflower 4,041 ft Kansas
52%
Guadalupe Peak 8,751 ft Texas
50%
Mount Katahdin 5,270 ft Maine
48%
Mount Mitchell 6,684 ft North Carolina
48%
Humpreys Peak 12,637 ft Arizona
46%
Borah Peak 12,668 ft Idaho
46%
Granite Peak 12,807 ft Montana
44%
Gannett Peak 13,809 ft Wyoming
42%
Mount Greylock 3,489 ft Massachusetts
40%
Boundary Peak 13,147 ft Nevada
40%
Wheeler Peak 13,167 ft New Mexico
40%
Britton Hill 345 ft Florida
38%
High Point 1,802 ft New Jersey
38%
Clingmans Dome 6,643 ft Tennessee
38%
Kings Peak 13,534 ft Utah
38%
Cheaha Mountain 2,405 ft Alabama
35%
Mount Magazine 2,753 ft Arkansas
35%
Near the Ebright Azimuth 449 ft Delaware
35%
Brasstown Bald 4,784 ft Georgia
35%
Mount Davis 3,213 ft Pennsylvania
35%
Black Elk Peak 7,244 ft South Dakota
35%
Mount Mansfield 4,395.3 ft Vermont
35%
Southern slope of Mount Frissell 2,386 ft Connecticut
33%
Mount Arvon 1,979 ft Michigan
33%
Mount Marcy 5,343 ft New York
33%
White Butte 3,506 ft North Dakota
33%
Mount Rogers 5,711 ft Virginia
33%
Woodall Mountain 807 ft Mississippi
31%
Black Mesa 4,975 ft Oklahoma
31%
Jerimoth Hill 811 ft Rhode Island
31%
Charles Mound 1,235 ft Illinois
29%
Black Mountain 4,139 ft Kentucky
29%
Eagle Mountain 2,302 ft Minnesota
29%
Panorama Point 5,432 ft Nebraska
29%
Spruce Knob 4,862 ft West Virginia
29%
Timms Hill 1,951 ft Wisconsin
29%
Driskill Mountain 535 ft Louisiana
27%
Hoye-Crest on Backbone Mountain 3,370 ft Maryland
27%
Campbell Hill 1,548 ft Ohio
27%
Sassafras Mountain 3,554 ft South Carolina
27%
Taum Sauk Mountain 1,772 ft Missouri
25%
No matching quizzes found
Score Distribution
Percent of People with Each Score
Percentile by Number Answered
Your Score History
You have not taken this quiz